Datum a čas kvízu
32.5
Celkem bodů
Celkový počet nahraných bodů na tomto kvízu bez doplňovacích otázek.
5.
Pořadí na kvízu
Konečné umístění týmu na tomto kvízu.
Zaznamenané odpovědi
| # | Otázka | Odpověď | Body | Výsledky |
|---|---|---|---|---|
| 1. | Minulý týden se publicista a ř... | kvůli alkoholu | 1 | |
| 2. | Oblíbená turistická atrakce, 6... | v Krakově | 0 | |
| 3. | Ministerstvo kultury učinilo d... | C) česká pivní kultura | 0 | |
| 4. | Jak se nazývá zvířecí znamení... | had | 1 | |
| 5. | O víkendu proběhly v Ostravě k... | (Jižní) Korea, Tomáš Berdych | 1 | |
| 6. | Začneme největšími společnými... | Poupata, Michal David | 1 | |
| 7. | Tento taneční fitness program... | zumba | 1 | |
| 8. | Tato cvičební metoda se snaží... | Pilates | 0 | |
| 9. | Jógu, přesněji řečeno hatha jó... | ásany | 1 | |
| 10. | Tato žena se narodila v roce 1... | Jane Fonda | 1 |